00792nam a22001697a 4500008004100000020001700041050001800058100003100076245014200107260003600249300001800285504012000303505009900423650003700522650003600559650002700595130312t2008 mx ||||| |||| 00| 0 spa d a978607300130 aLB1028.3bF73 aNovoa Franco, Jorgeeautor aEducación y Tecnologíab : solución radical, historia, teoría y evolución escolar en México y Estados Unidosc / Jorge Franco aMéxicob : Siglo XXIc , 2008 a387 páginas aIncluye: Dedicatoria Prefacio Índice de contenido Índice temático y onomástico Bibliografía (pp. 377-378) aUn objeto llamado educación pública El dilema de la educación Una solución alternativa 0aTECNOLOGÍA EDUCATIVAzMÉXICO 0aEDUCACIÓN PÚBLICAzMÉXICO 0aINNOVACIÓN EDUCATIVA